000 00282nam a22001337a 4500
008 210301b ||||| |||| 00| 0 eng d
020 _a9780023543517
041 _aeng
080 _23th
_a316
100 _a50
101 _aSOC
245 _aSociology
_cHess,B.B
942 _2udc
_cBK
999 _c55397
_d55397